Maestros de la democracia moderna : (Registro nro. 5092)

Detalles MARC
000 -LEADER
fixed length control field 01017nam a2200253Ia 4500
003 - CONTROL NUMBER IDENTIFIER
control field OSt
005 - DATE AND TIME OF LATEST TRANSACTION
control field 20200402180159.0
008 - FIXED-LENGTH DATA ELEMENTS--GENERAL INFORMATION
fixed length control field 191128s2003 ck fr 000 0 spa d
020 ## - INTERNATIONAL STANDARD BOOK NUMBER
International Standard Book Number 9586533719
040 ## - CATALOGING SOURCE
Original cataloging agency CO-JMCR
Transcribing agency CO-JMCR
041 0# - LANGUAGE CODE
Language code of text/sound track or separate title spa
082 04 - DEWEY DECIMAL CLASSIFICATION NUMBER
Classification number 320.01 /
Item number M243m
Edition number 21
100 1# - MAIN ENTRY--PERSONAL NAME
Personal name Mejía Vergnaud, Andrés,
Relator term autor
9 (RLIN) 1767
245 10 - TITLE STATEMENT
Title Maestros de la democracia moderna :
Remainder of title minibiografías y selección de textos clásicos /
Statement of responsibility, etc. Andrés Mejía Vergnaud
250 ## - EDITION STATEMENT
Edition statement Primera edición
260 ## - PUBLICATION, DISTRIBUTION, ETC.
Place of publication, distribution, etc. Bogotá :
Name of publisher, distributor, etc. Legis,
Date of publication, distribution, etc. 2003
300 ## - PHYSICAL DESCRIPTION
Extent 192 páginas ;
Dimensions 24 cm.
505 0# - FORMATTED CONTENTS NOTE
Formatted contents note El imperio de la ley -- El espíritu de las leyes -- El gobierno de la ley -- La riqueza de las naciones -- La Constitución de la libertad -- Los límites del Estado -- La ley, garante de la libertad -- La unión constitucional
650 14 - SUBJECT ADDED ENTRY--TOPICAL TERM
Topical term or geographic name entry element Democracia
9 (RLIN) 1768
650 14 - SUBJECT ADDED ENTRY--TOPICAL TERM
Topical term or geographic name entry element Ciencias políticas
9 (RLIN) 1698
650 14 - SUBJECT ADDED ENTRY--TOPICAL TERM
Topical term or geographic name entry element Pensamiento liberal
9 (RLIN) 1769
650 14 - SUBJECT ADDED ENTRY--TOPICAL TERM
Topical term or geographic name entry element Pensamiento político
General subdivision biografías
9 (RLIN) 1770
942 ## - ADDED ENTRY ELEMENTS (KOHA)
Source of classification or shelving scheme Dewey Decimal Classification
Koha item type Books
Existencias
Withdrawn status Lost status Source of classification or shelving scheme Damaged status Not for loan Collection code Home library Current library Date acquired Source of acquisition Cost, normal purchase price Total Checkouts Full call number Barcode Date last seen Copy number Koha item type
    Dewey Decimal Classification     Non-fiction Biblioteca Pública José María del Castillo y Rada Biblioteca Pública José María del Castillo y Rada 04/15/2018 Donación 0.00   320.01 / M243m 430001288 05/16/2024 Ej.1 Books